000
00269nam a22001217a 4500
008
170621b xxu||||| |||| 00| 0 eng d
041
_a
eng
080
_a
94
100
_a
18
101
_a
SHH
245
_a
WAR AND PEACE NUCLEARE AGE
_c
NEWHOUSE.J
942
_2
udc
_c
BK
999
_c
18406
_d
18406